| 000 | 01103nam a22003734a 4500 | ||
|---|---|---|---|
| 001 | UByD003182 | ||
| 003 | AR-LpoUNG | ||
| 005 | 20240906151408.0 | ||
| 008 | 240906s2019||||ag 000|0 spa d | ||
| 020 | _a9789872973353 | ||
| 040 |
_aAR-LpoUNG _bspa _cAR-LpoUNG _eaacr |
||
| 041 | 0 | _aspa | |
| 044 | _aag | ||
| 082 | 0 | _a982.12 471tre | |
| 100 | 1 | _aSemadeni, Pablo | |
| 245 | 1 | 0 |
_aTrenque Lauquen : _bseis estudios de historia y dos ex cursus filosóficos |
| 250 | _a1ra. ed. ampl. | ||
| 260 |
_aBuenos Aires : _bMirador, _c2019. |
||
| 300 | _a354 p. | ||
| 520 | _aEl presente libro tiene por objetivo hacer un aporte a la historia económica y demográfica del partido bonaerense de Trenque Lauquen. | ||
| 650 | 4 | _aASPECTOS ECONOMICOS | |
| 650 | 4 | _aASPECTOS DEMOGRAFICOS | |
| 650 | 4 | _aHISTORIA SOCIAL | |
| 650 | 4 | _aHISTORIA POLITICA | |
| 650 | 4 | _aIDENTIDAD CULTURAL | |
| 650 | 4 | _aINMIGRACION | |
| 650 | 4 | _aPOBLACION | |
| 650 | 4 | _aPOBLACION INDIGENA | |
| 650 | 4 | _aSOCIEDAD | |
| 651 | 4 | _aARGENTINA | |
| 653 | 0 | _aTRENQUE LAUQUEN | |
| 905 | _a13036 | ||
| 942 |
_cLIB _2ddc |
||
| 999 |
_c65796 _d65796 |
||